| 000 | 00687nam a2200181 4500 | ||
|---|---|---|---|
| 008 | 180119b xxu||||| |||| 00| 0 eng d | ||
| 020 | _a981-4009-68-7 | ||
| 082 |
_21988 _aDC 604.2 _bT22 |
||
| 100 |
_925739 _aGiesecke, Frederick E. |
||
| 245 |
_aTechnical drawing/ _cFrederick E. Gieseke, Alva Mitchell, Henry Cecil Spencer, Ivan Leroy Hill, John Thomas Dygdon, James E. Navak, and Shawna Lockhart. |
||
| 250 | _aTenth Editiion | ||
| 260 |
_aU.S.A.: _bPrentice Hall, Inc., _c©1998. |
||
| 300 |
_avii, 936 pages: _billustration; _c25 cm.. |
||
| 500 | _aIncludes appendix and index. | ||
| 650 | 0 |
_925740 _aEngineering graphics |
|
| 700 |
_925741 _aGiesecke, Frederick E. |
||
| 942 |
_2ddc _cDC |
||
| 999 |
_c8322 _d8322 |
||